Relojes de bolsillo y ornato /
Guardado en:
| Autor Principal: | |
|---|---|
| Formato: | Libro |
| Publicado: |
Alemania :
Klinkhardt & Biermann,
1964
|
| Materias: | |
| Etiquetas: |
Agregar Etiqueta
Sin Etiquetas, Sea el primero en etiquetar este registro!
|
| LEADER | 00528nam a22001935a 4500 | ||
|---|---|---|---|
| 001 | CEM.cems007270 | ||
| 005 | 20060214000000.0 | ||
| 008 | 130507s1964##################000#0#####d | ||
| 003 | CEMS | ||
| 082 | 0 | 4 | |a 681.1 |
| 100 | 1 | |a Bertele, Hans Von | |
| 245 | 1 | 0 | |a Relojes de bolsillo y ornato / |
| 260 | |a Alemania : |b Klinkhardt & Biermann, |c 1964 | ||
| 300 | |a 48 p. | ||
| 653 | |a Relojeria | ||
| 653 | |a Relojes | ||
| 653 | |a Relojes de bolsillo | ||
| 653 | |a Relojes-historia | ||
| 859 | |a CEMS |b BIB. CEMS - 11 de abril |h 681.1 |i B461 |p 17088.93 |t Ej.1 | ||
